000
00276nam a2200097Ia 4500
001
786965
005
20250826170330.0
008
250824s9999 xx 000 0 und d
245
0
_a
ÖRNEK HAYATLAR: ELMA DERSEM DÜŞ
_c
Yazar Adı Belirtilmemiş
260
_b
GENÇ TİMAŞ YAYINLARI
999
_c
786965
_d
786965